Competitive strategies for service organizations

Bibliographic Details
Main Author: McManus, Joun
Other Authors: Botten, Neil
Format: Book
Published: urdue University Press

MARC

LEADER 00000cam a2200000 7i4500
001 0000010334
005 20050415.0
020 |a 155753196x 
040 |a INS 
090 0 0 |a HD9980.5.   |b B67 1999 
100 1 |a McManus, Joun 
245 1 0 |a Competitive strategies for service organizations   |c Joun McManus, Neil Botten 
260 |a urdue University Press 
700 1 |a Botten, Neil 
999 |a 0000009299   |b BOOK   |c Open Shelf   |e Default branch